00609nam a2200193Ia 450000500170000000800410001702000150005808200210007310000180009424500700011226000540018230000180023665000150025465000150026965000130028494200060029795200970030399900150040020250320051159.0240331s9999 xx 000 0 und d a019212269X a302.2bENR22017 aEnright, D. J 0aFields of Vision:bEssays on Literature, Language, and Television aOxford;aNew York,bOxford University Pressc1988 aviii, 248 p., aLiterature aTelevision aLanguage cL 001040708LaWERCLbWERCLcSSCd2024-03-31l0o 302.2 ENRp2017r2024-03-31w2024-03-31yL c1086d1086